Síndrome / (Record no. 23166)

000 -CABECERA
fixed length control field 00613nam a22001817i 4500
003 - IDENTIFICADOR DEL NÚMERO DE CONTROL
control field AR-CdUCM
008 - DATOS DE LONGITUD FIJA--INFORMACIÓN GENERAL
fixed length control field 250117b20192019 pe||||| |||| 00| 0 spa d
040 ## - FUENTE DE LA CATALOGACIÓN
Agencia/entidad que catalogó originalmente la obra MUNICIPALIDAD PROVINCIAL DEL CUSCO
Entidad que transcribió la catalogación BIBLIOTECA MUNICIPAL DEL CUSCO
082 ## - NÚMERO DE LA CLASIFICACIÓN DECIMAL DEWEY
No. de Clasificación 869.56 / R63S
Notacion interna R63S
100 ## - ENTRADA PRINCIPAL--NOMBRE DE PERSONA
Nombre Personal Ríos Zamalloa, Jorge
245 ## - MENCIÓN DE TÍTULO
Título Síndrome /
260 ## - PUBLICACIÓN, DISTRIBUCIÓN, ETC.
Lugar de publicación, distribución, etc. Cusco :
Fecha de publicación, distribución, etc. 2019
300 ## - DESCRIPCIÓN FÍSICA
Nº de Páginas Extensión 118 páginas. :
Dimensiones 20x14 cm.
505 ## - NOTA DE CONTENIDO CON FORMATO
Nota de contenido formateada Destrucción de lo inexorables -- !Salud amigos! -- El precisar del futuro -- Me llegó el solo -- Las juanachas -- Hembra
942 ## - ELEMENTOS DE PUNTO DE ACCESO ADICIONAL (KOHA)
Fuente de clasificación
Tipo de item Libros-BMC
945 ## - PROCESAMIENTO DE INFORMACIÓN LOCAL (OCLC)
Catalogador pbjr
AAAA-MM-DD - Fecha de ingreso o modificacion 17-01-2025

No items available.

Powered by Koha